000 00271nam a2200109Ia 4500
008 190216s9999||||xx |||||||||||||| ||und||
100 _aVasudeva Bhattathiri C V
245 0 _aMalayalam-Ouchithya Vijaram
260 _bBhasha Institute
650 _aMalayalam
942 _cBK
999 _c26283
_d26283